000 01587nam0a2200289 4500
001 RU\NLR\bibl\447780
005 20260407091349.0
035 _a(NLR Aleph) 000441434
090 _a816657
_c816657
100 _a20031016d1986 |||y0rusy50 ca
101 0 _arus
102 _aRU
105 _ay |||||||||
200 1 _aТезисы докладов X конференции "Изобретательство и рационализация в медицине, медицинской промышленности" (26-27 ноября)
210 _aЛ.
_cБ.и
_d1986
215 _a153 с.
_d20
300 _aВ надзаг.: Ленингр. обл. совет ВОИР, Ленингр. обл. ком. Профсоюза мед. работников, Гл. упр. здравоохранения Ленгорисполкома
606 0 _aМедицина
_jТезисы докладов
_xИзобретательство и рационализация
_91359434
_3RU\NLR\auth\66254146
606 0 _aМедицина
_jСъезды, совещания и т.п.
_xИзобретательство и рационализация
_91359434
_3RU\NLR\auth\66254146
686 _aР.у.я431(2)
686 _aР.я431(2)
710 1 2 _a"Изобретательство и рационализация в медицине, медицинской промышленности", конференция
_d10
_eЛенинград
_f1986
_9598050
_3RU\NLR\AUTH\8810049001
801 0 _aRU
_bNLR
_c20031016
_gPSBO
801 1 _aRU
_bNLR
_c20031016
942 _cBOOK
980 _aNB